000 01441naa a22003617a 4500
001 BR8901160
003 BR-BrBNA
005 20250721155349.0
007 ta
008 250630b bl.|||m| |||| 00| 0 por d
040 _aBR-BrBNA
_bpor
_cBiblioteca Nacional de Agricultura
041 _a(Pt)
072 _aF01; H10; H20
_b1580
_bG514
090 _aF01 BR8901160
100 1 _aLima, M.F.B.F.
111 1 _aSeminario Sobre a Cultura da Batata-Doce
_cBrasilia, DF (Brazil)
_d10-20 May 1987
245 1 _aBibliografia nacional sobre batata-doce
500 _aSeminario sobre a cultura da batata-doce. Anais Franca, F.H.Lopes, C.A.Jabuonsky, R.E. (eds.) Brasilia, DF (Brasil): 1988. p. 90-110 (BR8901160-AMS)
773 0 _tSeminario sobre a cultura da batata-doce. Anais
_aFranca, F.H.; Lopes, C.A.; Jabuonsky, R.E. (eds.). Centro Nacional de Pesquisa de Hortalicas, Brasilia, DF (Brasil)
_wF01 BR8901160
_gBrasilia, DF (Brasil), 1988. p. 90-110
650 _aBATATA DOCE
650 _aPRATICA CULTURAL
650 _aDOENCA DE PLANTA
650 _aPRAGA DE PLANTA
650 _aFISIOLOGIA VEGETAL
650 _aTECNOLOGIA AGRICOLA
650 _aIRRIGACAO
650 _aMELHORAMENTO GENETICO VEGETAL
650 _aTECNOLOGIA DE ALIMENTO
650 _aINDUSTRIA AGRICOLA
490 _aDocumentos - Centro Nacional de Pesquisa de Hortalicas (Brazil)
_vno. 1
942 _cAMS
_2AGRIS
909 _a202506
_bLúcia
_c55
_dLúcia Elande
999 _c336081
_d336081